| 000 | 00594nam a22002057a 4500 | ||
|---|---|---|---|
| 003 | OSt | ||
| 005 | 20140310182314.0 | ||
| 008 | 130312t xxu||||| |||| 00| 0 eng d | ||
| 020 | _a0883454653 | ||
| 050 |
_aPR 5485 _b.St847 1981 |
||
| 082 |
_aGS 823.8 _bSt4 1981 |
||
| 100 |
_aStevenson, Robert Louis _91663 |
||
| 245 |
_aDr. Jekyll and Mr. Hyde / _cRobert Louis Stevenson. |
||
| 260 |
_aNew York : _bRegents Publishing Company, Inc., _c1981. |
||
| 300 |
_a62 p. : _c23 cm. |
||
| 650 |
_aDetective and mystery stories. _94339 |
||
| 942 |
_2lcc _cBK-GS |
||
| 999 |
_c11720 _d11720 |
||